000 00922cam a2200253 4500
001 J117072
008 020311n2002 000 0 eng u
035 _a(Sirsi) u117072
050 _a692.8
_c18
110 _aJoint Contracts Tribunal
_93664
245 _aAgreement (C/CM) : client and construction manager
260 _aLondon
_bRIBA
_c2002
300 _a66p.
_c30cm.
350 _a20
490 _aJCT Construction Management Documentation
490 _aJCT Standard Form of Client and Construction Manger Agreement 2002 Edition
650 _aC/CM 2002
650 _aBUILT ENVIRONMENT-BUILDING CONTRACT FORMS
650 _aCONSTRUCTION MANAGEMENT
_96230
650 _aCONSTRUCTION MANAGEMENT DOCUMENTATION
650 _aBUILT ENVIRONMENT-BUILDING CONTRACT FORMS-STANDARD FORMS OF BUILDING CONTRACT-JOINT CONTRACTS TRIBNUAL CONTRACTS
690 _aBUILT ENVIRONMENT-BUILDING CONTRACT FORMS
942 _n0
999 _c101933
_d101933